| 000 | 005860000a22001810004500 | ||
|---|---|---|---|
| 003 | MACL | ||
| 005 | 20160515165727.0 | ||
| 008 | 160515b xxu||||| |||| 00| 0 eng d | ||
| 040 |
_aMACL _cMACL |
||
| 041 | _aHindi | ||
| 082 | _a891.433 KES | ||
| 100 |
_aकेसर, कीर्ति _957485 |
||
| 245 |
_aआज की पंजाबी कहानियां _cकीर्ति केसर |
||
| 260 |
_bपल्लवी प्रकाशन _c1991 _aनई दिल्ली |
||
| 350 | _a90 | ||
| 650 |
_aStories _957486 |
||
| 942 |
_cHIN _k891.433/KES/S _2ddc |
||
| 999 |
_c21323 _d21323 |
||